000 00439nam a2200169Ia 4500
008 230524s9999 xx 000 0 und d
020 _a8121914590
082 _a621.382
_bSAR
100 _aSubir Ku.Sarkar
245 0 _aOptical Fibers and Fiber Optical Communication Systems.
250 _a2ND
260 _aNEW DELHI
_bS. Chand
_c2004
300 _aXIII;357
500 _aQuantity Number: 26
650 _aElectronics
942 _cBK
999 _c19495
_d19495